000 00738nam a2200289Ia 4500
005 20260324114101.0
008 008 260324s9999 xx 000 0 eng d
020 _a9781003325734
037 _aEBOOK
040 _aCRL
040 _beng
040 _cCRL
041 _2eng
041 _aeng
084 _qCRL
100 _aVal Wass; Victor Ng
_91149359
245 0 _aFamily Medicine in the Undergraduate Curriculum
245 0 _bPreparing medical students to work in evolving health care systems
260 _bTaylor and Francis
260 _c2023
365 _a
365 _b340
856 _uhttp://www.taylorfrancis.com/books/9781003325734
942 _cEBOOK
999 _c1739354
_d1739354